Psicología social en la industria /

Guardado en:
Autor Principal: Brown, J. A. C. 1911-1964.
Formato: Libro
Idioma:Spanish
English
Publicado: México : Fondo de Cultura Económica, 1973.
Series:Breviarios del Fondo de Cultura Económica ; 137.
Materias:
Etiquetas: Agregar Etiqueta
Sin Etiquetas, Sea el primero en etiquetar este registro!
LEADER 00834nam a22002175 4500
001 EAD.ead002113
008 080718s1973####mx#######b####000#0#spa#d
005 20100908140041.0
245 1 0 |a Psicología social en la industria /  |c por J. A. C. Brown. 
260 |a México :  |b Fondo de Cultura Económica,  |c 1973. 
300 |a 377 p. 
490 0 |a Breviarios del Fondo de Cultura Económica ;  |v 137 
500 |a Traducción de: The social psichology of industry. 
504 |a Incluye referencias bibliográficas. 
100 1 |a Brown, J. A. C.  |q (James Alexander Campbell),  |d 1911-1964. 
830 0 |a Breviarios del Fondo de Cultura Económica ;  |v 137. 
082 0 4 |a 158.7  |2 21 
650 7 |a Psicología del trabajo.  |2 isoc 
653 |a Psicología industrial. 
041 1 |a spa  |h eng 
859 |a AR-BaBDC  |b BIB. ADMINISTRACION - Libros  |h 158.7  |i B817  |p b03172